| 000 | 01201nam a2200361Ic 4500 | ||
|---|---|---|---|
| 001 | 58284 | ||
| 003 | CO-BoRNBP | ||
| 005 | 20250821141249.0 | ||
| 007 | ta | ||
| 008 | 180815s2015 ag g 000 0 spa | ||
| 020 | _a9789877190762 | ||
| 040 |
_aCO-BoRNBP _bspa _erda _cCO-BoRNBP |
||
| 041 | _aspa | ||
| 082 | 0 | 4 |
_a028.5 _bA52l |
| 100 | 1 |
_aAndruetto, María Teresa, _d1954- _eaut |
|
| 245 | 1 | 3 |
_aLa lectura, otra revolución / _cMaría Teresa Andruetto. |
| 250 | _aPrimera edición | ||
| 264 | 1 |
_aBuenos Aires, Argentina : _bFondo de cultura económica, _c2015 |
|
| 300 | _a189 páginas | ||
| 336 |
_atexto _btxt _2rdacontent |
||
| 337 |
_asin mediación _bn _2rdamedia |
||
| 338 |
_avolumen _bnc _2rdacarrier |
||
| 490 | 0 | _aEspacios para la lectura | |
| 504 | _aIncluye datos biográficos de la autora en la solapa | ||
| 521 | _aRecomendado para público adulto | ||
| 650 | 0 | 0 |
_aAnimación a la lectura _2LEMB _929399 |
| 650 | 0 | 7 |
_aDesarrollo de la lectura _2lemb _923725 |
| 650 | 0 | 7 |
_aFomento de la lectura _2lemb _962814 |
| 650 | 0 | 7 |
_aIntereses de los Lectores _2LEMB _962815 |
| 650 | 0 | 7 |
_aLibros y lectura _2LEMB _91932 |
| 650 | 0 | 7 |
_aPromoción de la lectura _2LEMB _91931 |
| 942 |
_2ddc _cBK |
||
| 999 |
_c58284 _d58284 |
||